Flags of Nations in 1918 - Statistics

General Stats
  • This quiz has been taken 68 times
    58 since last reset
  • The average score is 57 of 106
Answer Stats
Picture Answer % Correct
Liberia
87%
German Empire
83%
Ottoman Empire
83%
Ethiopian Empire
80%
The Netherlands
80%
United Kingdom
80%
Belgium
77%
Denmark
77%
Empire of Japan
77%
France
77%
Italy
77%
Luxembourg
77%
Soviet Russia
77%
Spain
77%
Switzerland
77%
Ukrainian People's Republic
77%
U.S.A
77%
White Russia
77%
Australia
73%
Austria
73%
Canada
73%
Chile
73%
Iceland
73%
Ireland
73%
Mexico
73%
New Zealand
73%
Norway
73%
Republic of China
73%
Sweden
73%
Bolivia
70%
Brazil
70%
Colombia
70%
Cuba
70%
Ecuador
70%
Panama
70%
Paraguay
70%
Peru
70%
Poland
70%
Portugal
70%
Qatar
70%
Romania
70%
Sultanate of Egypt
70%
Argentina
67%
Bulgaria
67%
Dominican Republic
67%
Guatemala
67%
Haiti
67%
Honduras
67%
Hungarian People's Republic
67%
Kingdom of Lithuania
67%
Nepal
67%
San Marino
67%
Uruguay
67%
Venezuela
67%
Yugoslavia
67%
Belgian Congo
63%
Costa Rica
63%
Greece
63%
Armenia
60%
Belarusian People's Republic
60%
Democratic Republic of Gerogia
60%
Finland
60%
Monaco
60%
Persia
60%
Tonga
60%
Bahrain
57%
Brunei
57%
Puerto Rico
57%
Albania
53%
Andorra
53%
Latvian Soviet Socialist Republic
53%
Liechtenstein
53%
Muscat and Oman
53%
Afghanistan
50%
Azerbaijan People's Republic
50%
Siam
50%
El Salvador
47%
Estonian Workers' Commune
47%
Mongolia
40%
Newfoundland
40%
South Africa
40%
Sheikhdom of Kuwait
37%
Sultanate of Nejd
30%
Yemen
30%
Hashemite Kingdom of Hejaz
23%
Czechoslovakia
20%
Federated Malaya States
17%
Idrisid Emirate of Asir
17%
Emirate of Bukhara
10%
Johor
10%
Khanate of Khiva
10%
Kuban People's Republic
10%
Sarawak
10%
Turkestan Autonomy
10%
Don Republic
7%
Ha'il
7%
Zanzibar
7%
Bashkiria
3%
Karakorum-Altai
3%
Aras Republic
0%
Banat Republic
0%
Kedah
0%
Mountainous Republic of the Northern Caucasus
0%
Provisional National Government of the Southwestern Caucasus
0%
Transcaspian Government
0%
Uryankhay Krai
0%
No matching quizzes found
Score Distribution
Percent of People with Each Score
Percentile by Number Answered
Your Score History
You have not taken this quiz since the last reset